[Event "Hammam Sousse Sahel Festival Blitz"]
[Site "Hammam Sousse"]
[Date "2019.04.21"]
[Round "3.7"]
[White "Ben Ghanem, Hamed"]
[Black "Rekik, Ghazi"]
[Result "1-0"]
[WhiteElo "1956"]
[BlackElo "1818"]
[PlyCount "55"]
[EventDate "2019.04.21"]
[EventType "swiss (blitz)"]
[EventRounds "7"]
[EventCountry "TUN"]
[SourceTitle "EXT 2024"]
[Source "ChessBase"]
[SourceDate "2023.10.10"]
[SourceVersion "1"]
[SourceVersionDate "2023.10.10"]
[SourceQuality "1"]

1. d4 d5 2. Bf4 Nf6 3. Nf3 e6 4. e3 Bd6 5. Bg3 0-0 6. Nbd2 Qe7 7. Bd3 Nbd7 8. Ne5 c6 9. f4 Ne8 10. Qh5 f5 11. Bh4 Nef6 12. Bxf6 Nxf6 13. Qe2 Bxe5 14. fxe5 Ne4 15. 0-0 Qh4 16. Rf4 Qh6 17. Bxe4 dxe4 18. h4 Kh8 19. h5 Bd7 20. Kf2 Rac8 21. Nc4 Be8 22. g4 g5 23. hxg6 Bxg6 24. Nd6 Rc7 25. Rg1 Qh4+ 26. Kf1 Qh3+ 27. Ke1 Rg8 28. Qd1 1-0

[Event "Hammam Sousse Sahel Festival Blitz"]
[Site "Hammam Sousse"]
[Date "2019.04.21"]
[Round "1.4"]
[White "Meftahi, Houssem"]
[Black "Rekik, Ghazi"]
[Result "1-0"]
[WhiteElo "2111"]
[BlackElo "1818"]
[PlyCount "99"]
[EventDate "2019.04.21"]
[EventType "swiss (blitz)"]
[EventRounds "7"]
[EventCountry "TUN"]
[SourceTitle "EXT 2024"]
[Source "ChessBase"]
[SourceDate "2023.10.10"]
[SourceVersion "1"]
[SourceVersionDate "2023.10.10"]
[SourceQuality "1"]

1. e4 c6 2. d4 d5 3. e5 Bf5 4. Nf3 e6 5. Be2 h6 6. Nbd2 Nd7 7. Nb3 Qc7 8. 0-0 Ne7 9. Be3 Bh7 10. Bd3 Ng6 11. Rc1 Be7 12. g3 a5 13. h4 a4 14. Nbd2 Ngf8 15. Bxh7 Nxh7 16. c4 Qa5 17. cxd5 cxd5 18. Nh2 0-0 19. Qg4 Kh8 20. Rc2 Rac8 21. Rfc1 Nb6 22. Qe2 Rxc2 23. Rxc2 Rc8 24. Qd3 Rxc2 25. Qxc2 Nf8 26. Qc7 Bb4 27. Nhf1 Ng6 28. Qxb7 Bxd2 29. Nxd2 Nc4 30. Nxc4 dxc4 31. Qc8+ Kh7 32. Qxc4 Qe1+ 33. Kg2 Qd1 34. a3 Ne7 35. Qc3 Nd5 36. Qd2 Qb3 37. h5 Nb6 38. Qc3 Nc4 39. Qxb3 axb3 40. Bc1 Kg8 41. Kf3 Kf8 42. Ke4 Ke8 43. Kd3 Na5 44. Kc3 Kd7 45. Be3 Kc6 46. Kb4 Nb7 47. Kxb3 Kd5 48. Kb4 Nd8 49. a4 Nc6+ 50. Kb5 1-0

[Event "Hammam Sousse Sahel Festival Blitz"]
[Site "Hammam Sousse"]
[Date "2019.04.21"]
[Round "6.7"]
[White "Rekik, Ghazi"]
[Black "Nouira, Najeh"]
[Result "0-1"]
[WhiteElo "1818"]
[BlackElo "1921"]
[PlyCount "58"]
[EventDate "2019.04.21"]
[EventType "swiss (blitz)"]
[EventRounds "7"]
[EventCountry "TUN"]
[SourceTitle "EXT 2024"]
[Source "ChessBase"]
[SourceDate "2023.10.10"]
[SourceVersion "1"]
[SourceVersionDate "2023.10.10"]
[SourceQuality "1"]

1. e4 e5 2. Nf3 Nc6 3. Bb5 a6 4. Ba4 Nf6 5. Nc3 b5 6. Bb3 d6 7. 0-0 Na5 8. d3 Bg4 9. Bg5 h6 10. Bh4 g5 11. Bg3 Nxb3 12. axb3 c6 13. Qe2 h5 14. h3 h4 15. Bh2 Bh5 16. Qe3 Bh6 17. Nxe5 dxe5 18. Bxe5 0-0 19. Qc5 Nd7 20. Qd6 Nxe5 21. Qxh6 Bg6 22. f4 Qd4+ 23. Kh2 Nd7 24. f5 Qd6+ 25. Kh1 Ne5 26. Qxg5 b4 27. f6 Rfe8 28. Qh6 Qf8 29. Qxh4 bxc3 0-1